[Event "WchT U26"]
[Site "Maringa"]
[Date "1991.??.??"]
[Round "3"]
[White "Wolff, Patrick G"]
[Black "Epishin, Vladimir"]
[Result "0-1"]
[WhiteElo "2520"]
[BlackElo "2620"]

1.e4 c6 2.d4 d5 3.Nd2 dxe4 4.Nxe4 Nd7 5.Ng5 Ngf6 6.Bd3 Qc7 7.N1f3 e6 8.Qe2 h6
9.Bg6 hxg5 10.Bxf7+ Kd8 11.Nxg5 Nb8 12.g3 Nh7 13.Qh5 Qa5+ 14.Bd2 Qf5 15.g4 Qf6
16.Nxh7 Qf3 17.O-O Rxh7 18.Qxh7 Qxg4+ 19.Kh1 Qf3+ 20.Kg1 Qxf7 21.f3 Nd7 22.Rae1 Nf6
23.Qd3 Bd6 24.c4 Bd7 25.Rf2 b6 26.Rg2 Ke7 27.Kh1 Rh8 28.Bg5 Kf8 29.f4 c5
30.dxc5 Bxc5 31.Bxf6 gxf6 32.Rd1 Be8 33.Qd8 Be7 34.Qa8 Qh5 35.Re1 Kf7 36.Qe4 Qf5
37.Qb7 Qc5 38.f5 Bc6 39.fxe6+ Ke8 40.Qb8+ Bd8 41.Qg3 Qg5 42.Qxg5 fxg5 43.Kg1 Bxg2
44.Kxg2 Ke7 45.h3 Bc7  0-1

[Event "WchT U26"]
[Site "Maringa"]
[Date "1991.??.??"]
[Round "5"]
[White "Sanchez Almeyra, Jorge"]
[Black "Wolff, Patrick G"]
[Result "0-1"]
[WhiteElo "2415"]
[BlackElo "2520"]

1.e4 c5 2.Nf3 Nc6 3.d4 cxd4 4.Nxd4 Nf6 5.Nc3 d6 6.Bg5 e6 7.Qd2 Be7 8.O-O-O O-O
9.Nb3 Qb6 10.f3 Rd8 11.h4 d5 12.exd5 Nxd5 13.Bxe7 Ndxe7 14.Bd3 e5 15.Rhe1 Bf5
16.Qe3 Bxd3 17.Rxd3 Rxd3 18.Qxd3 Qf2 19.Rd1 Qxg2 20.Nc5 b6 21.Nd5 h6 22.Ne4 Qg6
23.h5 Qf5 24.b3 Rf8 25.Qc3 Qh3 26.Nxe7+ Nxe7 27.Qxe5 Nf5 28.Rd3 Qxh5 29.Rd5 Qh1+
30.Kb2 Nh4 31.Qh5 Qe1 32.Re5 Kh8 33.Nd6 Qb4 34.Nxf7+ Rxf7 35.Re4 Qf8 36.Qxh4 Rxf3
37.Qh5 Qf6+ 38.Ka3 Rf5 39.Qe8+ Kh7 40.Ra4 b5 41.Re4 a5 42.Re6 Qf8+ 43.Qxf8 Rxf8
44.c4 bxc4 45.bxc4 g5 46.c5 g4 47.c6 g3 48.c7 g2 49.Re1 Rc8 50.Rg1 Rxc7 51.Rxg2 Rc5
52.Rg1 h5 53.Rh1 Kg6 54.Ka4 Kg5 55.Rg1+ Kf4 56.Rg8 h4 57.Rh8 Kg4 58.Rg8+ Rg5
59.Rh8 h3 60.a3 Kg3 61.Rc8 h2 62.Rc1 Kg2 63.Rc2+ Kh3 64.Rc3+ Kh4  0-1

[Event "WchT U26"]
[Site "Maringa"]
[Date "1991.??.??"]
[Round "6"]
[White "Trindade, Sandro Heleno"]
[Black "Wolff, Patrick G"]
[Result "0-1"]
[WhiteElo "2325"]
[BlackElo "2545"]

1.e4 c5 2.Nc3 Nc6 3.g3 g6 4.Bg2 Bg7 5.d3 d6 6.f4 Rb8 7.Nh3 b5 8.a3 e6 9.O-O Nge7
10.Be3 Nd4 11.Rb1 a5 12.Ne2 b4 13.axb4 axb4 14.g4 h5 15.gxh5 Nxe2+ 16.Qxe2 Rxh5
17.Ng5 Nc6 18.Nf3 Qe7 19.Qf2 e5 20.Qg3 Nd4 21.Nxd4 cxd4 22.Bd2 Bh6 23.b3 Rh4
24.f5 Bxd2 25.f6 Rg4 26.fxe7 Be3+ 27.Kh1 Rxg3 28.hxg3 Kxe7 29.Ra1 Bd7 30.Ra7 Rh8+
31.Bh3 Rxh3+ 32.Kg2 Rh8 33.Rfa1 Rc8 34.R1a2 f5 35.Rb7 fxe4 36.Raa7 Rxc2+  0-1

[Event "WchT U26"]
[Site "Maringa"]
[Date "1991.??.??"]
[Round "8"]
[White "Brunner, Lucas"]
[Black "Wolff, Patrick G"]
[Result "0-1"]
[WhiteElo "2505"]
[BlackElo "2545"]

1.e4 c5 2.Nf3 Nc6 3.d4 cxd4 4.Nxd4 Nf6 5.Nc3 d6 6.Bc4 e6 7.Be3 Be7 8.Qe2 a6
9.O-O-O Qc7 10.Bb3 Na5 11.g4 b5 12.g5 Nxb3+ 13.axb3 Nd7 14.b4 O-O 15.f4 a5
16.Ncxb5 Qb7 17.Bd2 axb4 18.Bxb4 Ra1+ 19.Kd2 Ra4 20.c3 Nc5 21.Ra1 Qa6 22.Rxa4 Qxa4
23.Nc6 Ba6 24.Nxe7+ Kh8 25.Bxc5 Bxb5 26.Qd1 Qxe4 27.Bxd6 Ra8 28.c4 Qd4+ 29.Ke2 Qxb2+
30.Kf3 Bxc4 31.Kg3 Be2 32.Qg1 Qc3+ 33.Kh4 Qf3 34.h3 Ra3 35.Bxa3 Qxf4+ 36.Qg4 Bxg4
37.hxg4 Qf2+ 38.Kh5 Qf3  0-1

[Event "New York op"]
[Site "New York"]
[Date "1991.??.??"]
[Round "4"]
[White "Southam, Todd"]
[Black "Wolff, Patrick G"]
[Result "0-1"]
[WhiteElo "2305"]
[BlackElo "2520"]

1.d4 Nf6 2.c4 g6 3.Nf3 Bg7 4.Nc3 d5 5.e3 O-O 6.Be2 c5 7.O-O cxd4 8.exd4 Nc6
9.Re1 Bg4 10.cxd5 Nxd5 11.h3 Be6 12.Bg5 h6 13.Be3 Kh7 14.Qd2 Nxc3 15.bxc3 Na5
16.Rab1 Rc8 17.Bf4 Bd5 18.Be5 Bxf3 19.Bxg7 Kxg7 20.Bxf3 b6 21.Qe2 e6 22.d5 exd5
23.Rbd1 Qf6 24.Rxd5 Rc7 25.Qe5 Qxe5 26.Rdxe5 Rd8 27.Bg4 Kf6 28.R5e3 Rd5 29.h4 Rdc5
30.Rf3+ Kg7 31.h5 g5 32.Rd3 Nc4 33.Rd8 Ne5 34.Bd1 f6 35.Bb3 Rc8 36.Rxc8 Rxc8
37.Re3 Rc5 38.f3 f5 39.g3 f4 40.gxf4 gxf4 41.Re4 Nxf3+ 42.Kg2 Nh4+ 43.Kh3 Nf5
44.Rxf4 Rxc3+ 45.Kh2 Kf6 46.Rg4 Ke5 47.Rg6 Kf4 48.Kg1 Rg3+ 49.Kf2 Rxg6 50.hxg6 Kg5
51.Bf7 Kf6 52.Kf3 Nd6 53.Bd5 Kxg6 54.Ke3 Kf5 55.Kd4 Nb5+ 56.Kc4 Ke5  0-1

[Event "New York op"]
[Site "New York"]
[Date "1991.??.??"]
[Round "7"]
[White "Wolff, Patrick G"]
[Black "Dlugy, Maxim"]
[Result "1-0"]
[WhiteElo "2520"]
[BlackElo "2570"]

1.e4 c5 2.Nf3 d6 3.d4 cxd4 4.Nxd4 Nf6 5.Nc3 Nc6 6.Bg5 e6 7.Qd2 a6 8.O-O-O h6
9.Bf4 Bd7 10.Nxc6 Bxc6 11.f3 d5 12.Qe1 Bb4 13.a3 Ba5 14.Bd2 d4 15.e5 Nd7
16.Ne2 Bxd2+ 17.Rxd2 Nxe5 18.f4 Nd7 19.f5 e5 20.Nxd4 Qf6 21.Nxc6 Qxc6 22.h4 O-O
23.Rh3 Nf6 24.Rc3 Qe4 25.Re3 Qxf5 26.Rxe5 Qg4 27.Rde2 Rad8 28.g3 Rd4 29.R2e3 Rfd8
30.Rd3 Rxd3 31.Bxd3 g6 32.Re7 Kg7 33.Qe5 Rd7 34.Rxd7 Qxd7 35.b4 Qe8 36.Qc7 Qe3+
37.Kb1 b5 38.Qd6 g5 39.hxg5 hxg5 40.Qxa6 Qxg3 41.Qxb5 Qe3 42.Qc6 g4 43.b5 g3
44.b6 Qf2 45.b7 g2 46.Qxg2+ Qxg2 47.b8=Q Qg1+ 48.Ka2 Qd4 49.Qb4 Qe5 50.a4 Qd5+
51.Ka3 Nd7 52.Bc4 Qf3+ 53.Qb3 Qe4 54.Qg3+ Kf8 55.Qd6+ Qe7 56.Qb4 Nc5 57.a5 f5
58.Qb8+ Kg7 59.Ka2 Qe3 60.a6 Qd4 61.Qb2  1-0

[Event "Philadelphia World op"]
[Site "Philadelphia"]
[Date "1991.??.??"]
[Round "1"]
[White "Schleinkofer, K."]
[Black "Wolff, Patrick G"]
[Result "1/2-1/2"]
[WhiteElo "2285"]
[BlackElo "2545"]

1.d4 Nf6 2.Nf3 g6 3.Bg5 Bg7 4.Nbd2 O-O 5.e3 d6 6.Bxf6 Bxf6 7.Bd3 Nc6 8.c3 e5
9.h4 Bg4 10.h5 Bxh5 11.Rxh5 gxh5 12.Nh2 Bg7 13.Qxh5 h6 14.Ndf3 f5 15.Bxf5 Qf6
16.Bc2 Qf7 17.Bg6 Qe7 18.Be4 exd4 19.Bd5+ Kh7 20.cxd4 Nxd4 21.Be4+ Kg8 22.Bd5+ Kh7
23.Be4+ Kg8 24.Bd5+ Ne6 25.Ng4 c6 26.Nxh6+ Bxh6 27.Qg6+ Qg7 28.Qxe6+ Kh8
29.Bb3 Rae8 30.Qxd6 Qf6 31.Qxf6+ Rxf6 32.Ke2 b5 33.Bc2 c5 34.g4 Rd6 35.b3 Bg7
36.Rc1 c4 37.bxc4 bxc4 38.Bf5 c3 39.Bc2 Kg8 40.Rb1 Red8 41.Bb3+ Kf8 42.Rc1 Rg6
43.g5 a5 44.e4 Rb6 45.Ke3 Rb4 46.Bd5 a4 47.Ne1 Bd4+ 48.Kd3 Bxf2 49.Nc2 Rb5
50.Rf1 Rbxd5+ 51.exd5 Rxd5+ 52.Kxc3 Rf5 53.Kd3 Kg7 54.Ke2 Rc5 55.Rxf2  1/2-1/2

[Event "Philadelphia World op"]
[Site "Philadelphia"]
[Date "1991.??.??"]
[Round "2"]
[White "Wolff, Patrick G"]
[Black "Dawidow, Jacek"]
[Result "1-0"]
[WhiteElo "2545"]
[BlackElo "2375"]

1.e4 e5 2.Nf3 Nc6 3.Bb5 f5 4.Nc3 fxe4 5.Nxe4 Nf6 6.Nxf6+ Qxf6 7.Qe2 Be7 8.Bxc6 dxc6
9.Nxe5 O-O 10.O-O Bd6 11.d4 Bf5 12.f4 Rad8 13.Rf2 Bxe5 14.dxe5 Qg6 15.Be3 Rd5
16.Raf1 h5 17.Kh1 Kh7 18.h3 Rfd8 19.Rf3 Kg8 20.Kh2 Qh7 21.Rc1 Bg4 22.Qf2 Bxf3
23.Qxf3 Rf8 24.Qg3 Qf5 25.b3 Rfd8 26.Qf3 Rf8 27.Re1 Qg6 28.Qg3 Qxg3+ 29.Kxg3 g6
30.Kh4 Kf7 31.Kg5 b6 32.g4 hxg4 33.hxg4 Rh8 34.c4 Rd3 35.e6+ Ke7 36.Kxg6 Rdd8
37.Kf5 Rd6 38.g5 Rf8+ 39.Kg4 Rxe6 40.f5 Re4+ 41.Kf3 Re6 42.Bc5+ Kd8 43.Rxe6 Rxf5+
44.Kg4 Rxc5 45.g6 Kd7 46.Re2  1-0

[Event "Philadelphia World op"]
[Site "Philadelphia"]
[Date "1991.??.??"]
[Round "4"]
[White "Dunne, Alex"]
[Black "Wolff, Patrick G"]
[Result "0-1"]
[WhiteElo "2220"]
[BlackElo "2545"]

1.d4 Nf6 2.Nf3 g6 3.Bg5 Bg7 4.Nbd2 O-O 5.e4 d5 6.Bd3 Nxe4 7.Nxe4 dxe4 8.Bxe4 c5
9.c3 cxd4 10.Nxd4 Qa5 11.Qd2 Rd8 12.O-O-O Bxd4 13.cxd4 Qxa2 14.d5 Bg4 15.Qb4 Na6
16.Qxe7 Rac8+ 17.Kd2 Qxb2+ 18.Ke3 Re8 19.Qf6 Qe2+  0-1

[Event "San Francisco"]
[Site "San Francisco"]
[Date "1991.??.??"]
[Round "4"]
[White "Wolff, Patrick G"]
[Black "Fedorowicz, John P"]
[Result "1/2-1/2"]
[WhiteElo "2520"]
[BlackElo "2555"]

1.e4 e5 2.Nf3 Nc6 3.Bb5 a6 4.Ba4 Nf6 5.O-O Be7 6.Re1 b5 7.Bb3 O-O 8.a4 Bb7
9.d3 d6 10.Nbd2 Na5 11.Ba2 c5 12.Nf1 b4 13.Bd2 Rb8 14.Ng3 Bc8 15.h3 Ne8 16.Nf1 Be6  1/2-1/2

[Event "San Francisco"]
[Site "San Francisco"]
[Date "1991.??.??"]
[Round "5"]
[White "Rogers, Ian"]
[Black "Wolff, Patrick G"]
[Result "1/2-1/2"]
[WhiteElo "2545"]
[BlackElo "2520"]

1.d4 Nf6 2.Nf3 g6 3.c4 Bg7 4.Nc3 d5 5.Bf4 O-O 6.Rc1 dxc4 7.e3 Be6 8.Ng5 Bd5
9.e4 h6 10.exd5 hxg5 11.Bxg5 Nxd5 12.Bxc4 Nb6 13.Bb3 Nc6 14.d5 Nd4 15.O-O Qd7
16.a3 Nxb3 17.Qxb3 Rfe8 18.Rfd1 Rad8 19.Bf4 c6 20.dxc6 Qxc6 21.h3 Qc4 22.Qxc4 Nxc4
23.Nd5 Nxb2 24.Nxe7+ Kf8 25.Rxd8 Rxd8 26.Nc8 Nd3 27.Rd1 Rxc8 28.Rxd3 Rc4
29.Be3 b6 30.Rd8+ Ke7 31.Ra8 Rc7 32.g4 Bb2 33.a4 Bc1 34.Bxc1  1/2-1/2

[Event "San Francisco"]
[Site "San Francisco"]
[Date "1991.??.??"]
[Round "6"]
[White "Wolff, Patrick G"]
[Black "Christiansen, Larry Mark"]
[Result "1/2-1/2"]
[WhiteElo "2520"]
[BlackElo "2590"]

1.e4 c5 2.Nf3 e6 3.d4 cxd4 4.Nxd4 a6 5.Bd3 Bc5 6.Nb3 Ba7 7.Qe2 Nc6 8.Be3 Nf6
9.Nc3 d6 10.g4 b5 11.g5 Nd7 12.Rg1 Bxe3 13.Qxe3 Qb6 14.Qg3 Nce5 15.Be2 b4
16.Nd1 Bb7 17.f4 Ng6 18.Nf2 e5 19.fxe5 dxe5 20.O-O-O Nf4 21.Bg4 Nc5 22.Nxc5 Qxc5
23.Bd7+ Ke7 24.Rge1 Rhd8 25.Bg4 a5 26.Kb1 a4 27.Qe3 Qxe3 28.Rxe3 Rxd1+ 29.Bxd1 Rd8
30.Kc1 Ne6 31.h4 Nc5 32.Be2 f6 33.gxf6+ gxf6 34.Rg3 Bxe4 35.Rg7+ Kd6 36.Rf7 f5
37.Nxe4+ Nxe4 38.Rxf5 Ng3 39.Rf6+ Kc5 40.Bd1 e4 41.c3 bxc3 42.bxc3 a3 43.Rf7 e3
44.Rc7+ Kb6 45.Rxh7 e2 46.Bxe2 Nxe2+ 47.Kc2 Rc8 48.Kb3 Rxc3+ 49.Kb4 Rh3 50.Rh6+ Kc7
51.Ra6 Nd4 52.h5 Nc6+ 53.Kc4 Kb7 54.Ra4 Ne5+ 55.Kb5 Nd7 56.h6 Nb6 57.Rg4 Nd5
58.Rg7+ Nc7+ 59.Ka4 Kc6 60.h7 Nd5 61.h8=Q Rxh8 62.Kxa3 Rb8 63.Rg3  1/2-1/2

[Event "San Francisco"]
[Site "San Francisco"]
[Date "1991.??.??"]
[Round "7"]
[White "Ftacnik, Lubomir"]
[Black "Wolff, Patrick G"]
[Result "1/2-1/2"]
[WhiteElo "2590"]
[BlackElo "2520"]

1.Nf3 g6 2.d4 Nf6 3.c4 Bg7 4.Nc3 d5 5.Qb3 dxc4 6.Qxc4 O-O 7.e4 a6 8.e5 b5
9.Qb3 Ng4 10.Bf4 c5 11.dxc5 Nc6 12.Rd1 Qa5 13.Qa3 Qxa3 14.bxa3 Be6 15.a4 bxa4
16.Nxa4 Ngxe5 17.Nxe5 Nxe5 18.Nb6 Ra7 19.a4 Nd7 20.Be3 Bc3+ 21.Ke2 Rc7 22.Nd5 Bxd5
23.Rxd5 e6 24.Rd6 Nxc5 25.Kf3 Be5 26.Rb6 Nxa4 27.Rxa6 Nc3 28.g3 Rb8 29.Rb6 Rxb6
30.Bxb6 Rb7 31.Be3 Rb1 32.Kg2 Nd5 33.Bc4 Nxe3+ 34.fxe3 Rb4 35.Be2 h5 36.Kf3 Kg7
37.Rc1 Rb2 38.Rc5 Kf6 39.Rb5 Ra2 40.Rb1 Bd6 41.h3 Rc2 42.Rd1 Ke5 43.g4 hxg4+
44.hxg4 g5 45.Rd4 f5 46.Bd3 Rc6 47.Rc4 Rb6 48.Rc8 Rb3 49.Bc4 Rb4 50.gxf5 exf5
51.Re8+ Kf6 52.Re6+ Kf7 53.Bd5 g4+ 54.Ke2 Bf8  1/2-1/2

[Event "San Francisco"]
[Site "San Francisco"]
[Date "1991.??.??"]
[Round "8"]
[White "Wolff, Patrick G"]
[Black "Torre, Eugenio"]
[Result "1/2-1/2"]
[WhiteElo "2520"]
[BlackElo "2530"]

1.e4 e5 2.Nf3 Nc6 3.Bb5 a6 4.Ba4 Nf6 5.O-O Nxe4 6.d4 b5 7.Bb3 d5 8.dxe5 Be6
9.Be3 Be7 10.c3 Nc5 11.Bc2 Bg4 12.Nbd2 Qd7 13.Qb1 Bh5 14.b4 Ne6 15.a4 Rd8
16.axb5 axb5 17.Bf5 Bg6 18.Nb3 Bxf5 19.Qxf5 O-O 20.Qd3 Ra8 21.Rfd1 Rxa1 22.Rxa1 f6
23.Qxb5 Rb8 24.Qa4 fxe5 25.Na5 Ned8 26.Nxc6 Nxc6 27.b5 Nd8 28.Nxe5 Qxb5 29.g3  1/2-1/2

[Event "San Francisco"]
[Site "San Francisco"]
[Date "1991.??.??"]
[Round "9"]
[White "Grefe, John A"]
[Black "Wolff, Patrick G"]
[Result "0-1"]
[WhiteElo "2385"]
[BlackElo "2520"]

1.Nf3 d6 2.g3 g6 3.Bg2 Bg7 4.O-O c5 5.d4 cxd4 6.Nxd4 Qb6 7.c3 Nf6 8.Qb3 Nbd7
9.Qxb6 Nxb6 10.a4 a6 11.Nb3 Be6 12.Na5 Bd5 13.Bxd5 Nbxd5 14.Rd1 Rb8 15.e4 Nc7
16.f3 O-O 17.Be3 d5 18.Bf4 Rbc8 19.Bxc7 Rxc7 20.exd5 b6 21.Nb3 Rd8 22.Na3 Rxd5
23.Rxd5 Nxd5 24.Rd1 Nxc3 25.Rd8+ Bf8 26.a5 bxa5 27.Nxa5 Na2 28.N3c4 Kg7 29.Ra8 Nb4
30.Kg2 e6 31.f4 Be7 32.Kf3 h6 33.h4 h5 34.b3 Bc5 35.Ke4 Rd7 36.Rc8 Nd3 37.Kf3 Be7
38.Nc6 f6 39.Nxe7 Rxe7 40.Rc6 Rb7 41.Na5 Rb5 42.Rxa6 Nc5 43.Ra7+ Kh6 44.Kg2 g5
45.fxg5+ fxg5 46.hxg5+ Kxg5 47.Kh3 Ne4 48.Ra6 e5 49.Nc4 Rxb3 50.Nxe5 Rxg3+
51.Kh2 h4 52.Nc4 Rc3 53.Ne5 Rc2+ 54.Kg1 h3 55.Rg6+ Kf5 56.Rh6 Rg2+ 57.Kf1 Ng3+
58.Ke1 h2 59.Nf3 Rg1+ 60.Kf2 Ne4+  0-1

[Event "Triberg"]
[Site "Triberg"]
[Date "1991.??.??"]
[Round "1"]
[White "Wolff, Patrick G"]
[Black "Mainka, Romuald"]
[Result "0-1"]
[WhiteElo "2520"]
[BlackElo "2430"]

1.c4 e5 2.Nc3 Bb4 3.g3 Bxc3 4.bxc3 d6 5.Bg2 Ne7 6.Rb1 Nbc6 7.d3 O-O 8.Ba3 Rb8
9.Nf3 h6 10.O-O Be6 11.Qc2 Qd7 12.c5 d5 13.Rfd1 Bh3 14.Bh1 Qe6 15.c4 d4 16.Re1 f5
17.e3 dxe3 18.Rxe3 f4 19.Re4 Bf5 20.Ree1 Rbd8 21.Rxb7 Rxd3 22.Qb2 e4 23.Nh4 e3
24.Rxc7 Rd2 25.Bd5 exf2+ 26.Kg2 fxe1=Q+ 27.Qxd2 Qxd2+ 28.Kg1 Nxd5 29.cxd5 Qee1+  0-1

[Event "New York op"]
[Site "New York"]
[Date "1992.??.??"]
[Round "4"]
[White "Wolff, Patrick G"]
[Black "Zaichik, Gennadi"]
[Result "1/2-1/2"]
[WhiteElo "2570"]
[BlackElo "2470"]

1.e4 d6 2.d4 Nf6 3.Nc3 g6 4.Be3 a6 5.f3 b5 6.Qd2 Nbd7 7.Nh3 c6 8.Nf2 Nb6
9.Bh6 Bxh6 10.Qxh6 e5 11.O-O-O Qe7 12.Kb1 Bb7 13.Qe3 Nfd7 14.g3 b4 15.Ne2 c5
16.dxc5 dxc5 17.Bh3 c4 18.Bxd7+ Nxd7 19.h4 h5 20.g4 hxg4 21.Nxg4 O-O-O 22.Qg5 Qe6
23.Ng3 c3 24.bxc3 bxc3 25.Qe3 Kb8 26.Qxc3 f5 27.Rxd7 Rxd7 28.Nxe5 Rdh7 29.Nd3 Rxh4
30.Re1 Rc8 31.exf5 Qd6 32.Qe5 Qxe5 33.Rxe5 Bxf3 34.fxg6 Rg4 35.Nf5 Rxg6 36.Nd4 Rb6+
37.Nb3 Rc4 38.Nc5 Rd6 39.Kc1 Rd1+ 40.Kb2 Rd6 41.Re8+ Ka7 42.Re7+ Ka8 43.Re8+ Ka7
44.Re7+ Ka8 45.Re8+  1/2-1/2

[Event "New York op"]
[Site "New York"]
[Date "1992.??.??"]
[Round "7"]
[White "Wolff, Patrick G"]
[Black "Khmelnitsky, Igor N"]
[Result "0-1"]
[WhiteElo "2570"]
[BlackElo "2475"]

1.e4 Nf6 2.e5 Nd5 3.d4 d6 4.Nf3 g6 5.Bc4 Nb6 6.Bb3 Bg7 7.a4 dxe5 8.a5 N6d7
9.Bxf7+ Kxf7 10.Ng5+ Kg8 11.Ne6 Qe8 12.Nxc7 Qd8 13.Nxa8 exd4 14.c3 Nf6 15.cxd4 Na6
16.Nc3 Be6 17.O-O Kf7 18.Re1 Qd7 19.Nb6 axb6 20.axb6 Nb4 21.Bf4 Nbd5 22.Be5 Nxb6
23.Qe2 Rf8 24.Rac1 Bc4 25.Qd2 Kg8 26.h3 Nbd5 27.Bh2 e6 28.Be5 Nxc3 29.Rxc3 Bd5
30.Rc7 Qd8 31.b4 Ne8 32.Bxg7 Nxg7 33.Rc3 Nf5 34.f3 Qd6 35.Rcc1 Bxf3  0-1

[Event "New York Reshevsky"]
[Site "New York"]
[Date "1992.??.??"]
[Round "7"]
[White "Gurevich, Ilya"]
[Black "Wolff, Patrick G"]
[Result "1/2-1/2"]
[WhiteElo "2510"]
[BlackElo "2590"]

1.e4 c5 2.Nf3 d6 3.d4 cxd4 4.Nxd4 Nf6 5.Nc3 Nc6 6.Bg5 e6 7.Qd2 Be7 8.O-O-O Nxd4
9.Qxd4 O-O 10.f4 Qa5 11.Bc4 Bd7 12.e5 dxe5 13.fxe5 Bc6 14.Bd2 Nd7 15.Nd5 Qc5
16.Nxe7+ Qxe7 17.Rhe1 Nb6 18.Bd3 Rfd8 19.Qg4 Rxd3 20.cxd3 Ba4 21.Bh6 f5 22.exf6 Qxf6
23.Be3 Rc8+ 24.Kb1 Bc2+ 25.Ka1 Bxd1 26.Rxd1 Qf5 27.Qb4 Qh5 28.Re1 Qxh2 29.Bxb6 axb6
30.Qxb6 Qe5 31.Rg1 Qd5 32.a3 h6 33.g4 Rc6 34.Qa7 Rc2 35.Qa4 Qc5 36.Rf1 Qc6  1/2-1/2

[Event "World op"]
[Site "Philadelphia"]
[Date "1992.??.??"]
[Round "1"]
[White "Wolff, Patrick G"]
[Black "Brownscombe, Tom"]
[Result "1-0"]
[WhiteElo "2570"]
[BlackElo "2300"]

1.e4 c5 2.Nf3 e6 3.c3 d5 4.exd5 Qxd5 5.d4 Nc6 6.Bd3 Nf6 7.O-O Be7 8.Be3 O-O
9.Qe2 Qh5 10.dxc5 Bxc5 11.Bxc5 Qxc5 12.Nbd2 Bd7 13.Rad1 Rad8 14.Ne4 Qe7 15.Nxf6+ Qxf6
16.Be4 Qe7 17.Rfe1 g6 18.Qe3 Kg7 19.h4 a6 20.h5 Bc8 21.Bxc6 bxc6 22.Ne5 Bb7
23.Ng4 Rxd1 24.Rxd1 Rd8 25.Rxd8 Qxd8 26.Qe5+ Kf8 27.Nf6 gxh5 28.Nxh7+ Ke7
29.Qg5+ Kd7 30.Qxh5 Qe7 31.Ng5 f6 32.Ne4 f5 33.Nd2 c5 34.Qe2 Qg5 35.f3 Bd5
36.c4 Bb7 37.Nb3 Qe7 38.Qe3 Kc6 39.Na5+ Kc7 40.a3 Qd6 41.b4 cxb4 42.Qa7 Qd1+
43.Kh2 Qd6+ 44.Kh3 Qb6 45.Qxb6+ Kxb6 46.axb4 Bc8 47.f4 Kc7 48.c5 Bd7 49.Nc4 Bc6
50.Ne5 Be4 51.g3 Kd8 52.Kh4 Ke7 53.Kg5 Bd5 54.Kg6 Be4 55.Kg7 Bd5 56.Ng6+ Kd7
57.Kf6 Bc4 58.Ne5+  1-0

[Event "World op"]
[Site "Philadelphia"]
[Date "1992.??.??"]
[Round "2"]
[White "De Fotis, Gregory"]
[Black "Wolff, Patrick G"]
[Result "1/2-1/2"]
[WhiteElo "2375"]
[BlackElo "2570"]

1.d4 Nf6 2.c4 g6 3.g3 Bg7 4.Bg2 d5 5.cxd5 Nxd5 6.Nf3 O-O 7.O-O Nb6 8.Nc3 Nc6
9.e3 Re8 10.Re1 e5 11.d5 Ne7 12.e4 Bg4 13.h3 Bd7 14.Qb3 c6 15.Bg5 h6 16.dxc6 Bxc6
17.Be3 Nd7 18.Red1 Qa5  1/2-1/2

[Event "World op"]
[Site "Philadelphia"]
[Date "1992.??.??"]
[Round "3"]
[White "Wolff, Patrick G"]
[Black "Shipman, Walter"]
[Result "1-0"]
[WhiteElo "2570"]
[BlackElo "2305"]

1.e4 e5 2.Nf3 Nc6 3.Bb5 Nge7 4.O-O Ng6 5.c3 a6 6.Ba4 d6 7.d4 Bd7 8.Na3 Be7
9.Nc2 b5 10.Bb3 Na5 11.Ne3 Nxb3 12.axb3 O-O 13.b4 exd4 14.Nxd4 Bg5 15.Nd5 Bxc1
16.Rxc1 Re8 17.f3 a5 18.bxa5 Rxa5 19.Qd2 Ra8 20.Ra1 Rxa1 21.Rxa1 Ne7 22.Nxe7+ Qxe7
23.Ra7 Rc8 24.Qf4 Qe5 25.Qxe5 dxe5 26.Nb3 Kf8 27.Nc5 Ke7 28.b4 Be6 29.Kf2 Bc4
30.Ke3 Bf1 31.g3 Bc4 32.f4 f6 33.h4 Bf1 34.fxe5 fxe5 35.Ra6 Bc4 36.Rc6 Ke8
37.Nd3 Bxd3 38.Kxd3 Kd7 39.Rc5 Ke6 40.Rxb5 g5 41.hxg5 Rg8 42.Rc5 Kd6 43.Rd5+ Ke6
44.Kc4 Rxg5 45.Rd3 Rg4 46.Re3 c6 47.Kc5 Kd7 48.Kb6 Rg6 49.Rd3+ Kc8 50.c4 Rg4
51.Re3 Rg6 52.c5 h5 53.Rf3 Kd7 54.Kb7 Rh6 55.Rf7+ Ke8 56.Rf5  1-0

[Event "World op"]
[Site "Philadelphia"]
[Date "1992.??.??"]
[Round "5"]
[White "Wolff, Patrick G"]
[Black "Meyer, E."]
[Result "1/2-1/2"]
[WhiteElo "2570"]
[BlackElo "2470"]

1.e4 c5 2.Nf3 e6 3.c3 Nf6 4.e5 Nd5 5.d4 cxd4 6.cxd4 d6 7.a3 Be7 8.Bd3 dxe5
9.dxe5 Bd7 10.O-O a6 11.Qe2 Qb6 12.Qe4 Bb5 13.Bxb5+ axb5 14.Qg4 g6 15.Bh6 Ra4
16.Qh3 Nc6 17.Nc3 Nf4 18.Qg3 g5 19.h4 Rc4 20.Bxg5 Rg8 21.Qh2 Nd3 22.a4  1/2-1/2

[Event "World op"]
[Site "Philadelphia"]
[Date "1992.??.??"]
[Round "7"]
[White "Wolff, Patrick G"]
[Black "Rao, Vivek"]
[Result "1-0"]
[WhiteElo "2570"]
[BlackElo "2390"]

1.e4 c5 2.Nf3 d6 3.d4 cxd4 4.Nxd4 Nf6 5.Nc3 Nc6 6.Bc4 e6 7.Be3 a6 8.Bb3 Bd7
9.f4 Be7 10.Qf3 O-O 11.O-O-O Qa5 12.g4 Nxd4 13.Rxd4 e5 14.Rd5 Qd8 15.f5 Nxd5
16.Nxd5 Bg5 17.h4 Bxe3+ 18.Qxe3 Kh8 19.g5 a5 20.a3 a4 21.Ba2 Ra5 22.h5 Bc6
23.Rg1 Bxd5 24.Bxd5 f6 25.g6 h6 26.Bxb7 Qd7 27.Qb6 Rb5 28.Bc6 Rxb6 29.Bxd7 Ra8
30.Be6 Ra7 31.Rd1 Rc7 32.Kb1 Rbc6 33.Rd2 Ra7 34.Rd5 Rb6 35.Rd3 Ra5 36.Bd5 Rb8
37.Ka2 Rc5 38.Kb1 Ra5 39.Bf7 Rb6 40.Be6 Rab5 41.b4 axb3 42.cxb3 d5 43.Bxd5 Ra5
44.Bb7  1-0

[Event "Tilburg rapid"]
[Site "Tilburg"]
[Date "1992.??.??"]
[Round "4"]
[White "Lputian, Smbat G"]
[Black "Wolff, Patrick G"]
[Result "1/2-1/2"]
[WhiteElo "2585"]
[BlackElo "2590"]

1.d4 d5 2.c4 c6 3.Nf3 e6 4.Nc3 dxc4 5.e4 b5 6.a4 Bb4 7.Be2 Bb7 8.O-O a6 9.Bg5 Be7
10.h4 h6 11.Bxe7 Nxe7 12.Qd2 Nd7 13.Rfd1 O-O 14.Qf4 Nf6 15.Ne5 Qb8 16.Qe3 Rd8
17.f4 Qc7 18.Bf3 Nd7 19.Ng4 b4 20.Ne2 c5 21.Rac1 cxd4 22.Rxd4 Rac8 23.b3 a5
24.Rcxc4 Qb8 25.Rxc8 Qxc8 26.Rc4 Qb8 27.Nd4 e5 28.fxe5 Nxe5 29.Nxe5 Qxe5
30.Ne2 Ba6 31.Rd4 Rc8 32.Qf4 Ng6 33.Qxe5 Nxe5 34.Nf4 Rc3 35.Kf2 Rxb3 36.Rd5 Rb2+
37.Kg3 Nxf3 38.gxf3 b3 39.Rxa5 Bc4 40.Ra8+ Kh7 41.Rb8 Rb1 42.Rb4 Rg1+ 43.Kf2 Rc1
44.Ke3 Rc2 45.Kd4 b2 46.Nd3 Bxd3 47.Kxd3 Rf2 48.Ke3 Rc2 49.a5 Rc3+ 50.Kf4 Ra3
51.Rxb2 Rxa5  1/2-1/2

[Event "Tilburg rapid15"]
[Site "Tilburg"]
[Date "1992.??.??"]
[Round "5"]
[White "Lputian, Smbat G"]
[Black "Wolff, Patrick G"]
[Result "1/2-1/2"]
[WhiteElo "2585"]
[BlackElo "2590"]

1.d4 d5 2.c4 dxc4 3.e3 Nf6 4.Bxc4 e6 5.Nf3 c5 6.Qe2 a6 7.dxc5 Bxc5 8.O-O b5
9.Bd3 Nc6 10.Bd2 Bb7 11.Rc1 Bd6 12.Bc3 O-O 13.Nbd2 Nd5 14.Ne4 Nxc3 15.Rxc3 Ne5
16.Nxd6 Nxf3+ 17.gxf3 Qxd6 18.Rd1 Qb6 19.Be4 Bxe4 20.fxe4 Rfd8 21.Rdc1 Qb7
22.Qc2 Qe7 23.f4 g6 24.Rc7 Rd7 25.Rc8+ Rxc8 26.Qxc8+ Kg7 27.Qxa6 Qh4 28.Qa5 Qg4+
29.Kf2 Qh3 30.Qc3+ Kh6 31.Rh1 Qh4+ 32.Kg2 Qg4+ 33.Kf2 Qh4+  1/2-1/2

[Event "Tilburg rapid15"]
[Site "Tilburg"]
[Date "1992.??.??"]
[Round "6"]
[White "Wolff, Patrick G"]
[Black "Lputian, Smbat G"]
[Result "1/2-1/2"]
[WhiteElo "2590"]
[BlackElo "2585"]

1.e4 e6 2.d4 d5 3.Nd2 c5 4.exd5 exd5 5.Ngf3 Nc6 6.Bb5 Bd6 7.dxc5 Bxc5 8.O-O Ne7
9.Nb3 Bb6 10.Re1 O-O 11.Be3 Bg4 12.h3 Bxf3 13.Qxf3 Bxe3 14.Rxe3 Rc8 15.c3 Qd6
16.Rd1 Rfd8 17.Qh5 g6 18.Qg5 h6 19.Qg4 Nf5 20.Ree1 a6 21.Bxc6 bxc6 22.c4 Qf6
23.cxd5 cxd5 24.Rd2 h5 25.Qf3 Kg7 26.Red1 Rd7 27.g4 hxg4 28.hxg4 Qg5 29.Rxd5 Rxd5
30.Rxd5 Rc4 31.Kf1 Rxg4 32.Nd2 Rg1+ 33.Ke2 Qe7+ 34.Qe4 Qf6 35.Qe5 Qxe5+ 36.Rxe5 Nd4+
37.Kd3 Ne6 38.Ra5 Rc1 39.b4 Rc6 40.Ne4 f5 41.Nc5 Nc7 42.Ra3 g5 43.Kc4 Kf6
44.Rh3 Kg6 45.a4 Rb6 46.Rd3 g4 47.Rd7 Ne6 48.Ra7 f4 49.Ra8 g3 50.fxg3 f3
51.Nxe6 Rxe6 52.Rf8 Re3 53.b5 axb5+ 54.axb5 Kg5 55.b6 Re4+ 56.Kc5 Re5+ 57.Kc4 Re4+
58.Kd5 Rb4 59.Kc5 Rb3 60.Kc6 Kg4 61.b7 Kxg3 62.b8=Q+ Rxb8 63.Rxb8 f2 64.Rf8 Kg2
65.Rxf2+  1/2-1/2

[Event "Hoogovens-B"]
[Site "Wijk aan Zee"]
[Date "1992.??.??"]
[Round "3"]
[White "Wolff, Patrick G"]
[Black "Tukmakov, Vladimir B"]
[Result "1/2-1/2"]
[WhiteElo "2570"]
[BlackElo "2535"]

1.e4 c5 2.Nf3 d6 3.d4 cxd4 4.Nxd4 Nf6 5.Nc3 Nc6 6.Bg5 Bd7 7.Be2 a6 8.Bxf6 gxf6
9.Nf5 Bxf5 10.exf5 Qa5 11.O-O Qxf5 12.Nd5 Rb8 13.Bg4 Qg5 14.f4 Qg7 15.Re1 e6
16.f5 e5 17.Re4 Be7 18.Qd3 h5 19.Bf3 Qg5 20.Rd1 Rd8 21.Rc4 Rg8 22.Qe4 Rd7
23.h4 Qh6 24.Qe2 Bd8 25.Bxh5  1/2-1/2

[Event "Hoogovens-B"]
[Site "Wijk aan Zee"]
[Date "1992.??.??"]
[Round "8"]
[White "Wolff, Patrick G"]
[Black "Moskalenko, Viktor"]
[Result "1-0"]
[WhiteElo "2570"]
[BlackElo "2505"]

1.e4 e6 2.d4 d5 3.Nd2 Nf6 4.e5 Nfd7 5.Bd3 c5 6.c3 Nc6 7.Ne2 cxd4 8.cxd4 f6
9.exf6 Nxf6 10.Nf3 Bd6 11.O-O O-O 12.Bf4 Nh5 13.Bxd6 Qxd6 14.Qd2 Bd7 15.Rad1 Rxf3
16.gxf3 Rf8 17.Qe3 e5 18.dxe5 Nxe5 19.f4 Nxd3 20.Qxd3 Nxf4 21.Nxf4 Rxf4 22.f3 Bc6
23.Rf2 Qf6 24.Qb3 h6 25.Re1 Kh8 26.Qe3 d4 27.Qe7 Qg5+ 28.Qxg5 hxg5 29.Kg2 Kh7
30.Kg3 Kg6 31.Re5 Kf6 32.Rc5 a6 33.b4 g6 34.a3 Bb5 35.Rd2 d3 36.a4 Bxa4 37.Rxd3 Bc6
38.Rd6+ Ke7 39.Rxg6 Rxf3+ 40.Kg4 Rb3 41.Rc4 Rb2 42.Rh6 Rg2+ 43.Kf5 Kd8 44.Rh7 Kc8
45.h3 Kb8 46.Rg4 Rd2 47.Kxg5 a5 48.bxa5 Rd5+ 49.Kf6 Rxa5 50.h4 Rd5 51.h5 Rd6+
52.Kg5 Rd5+ 53.Kh4 Bd7 54.Rf4  1-0